000 00450nam a22001097a 4500
082 _a920/SIN
100 _aसिन्‍हा,तुहिन ए सिन्‍हा,अंकिता वर्मा
_983533
245 _aभारत माता का वीर पुत्र बिरसा मुंडा
260 _aभोपाल
_bमंजुला पब्लिशिंग
_c2025
650 _aजीवनी
942 _cHIN
999 _c68477
_d68477